000 00257nam a2200109 a 4500
001 000002047
005 20200929145818.0
008 090630s2004 000 spa d
245 0 _aCanto a las MarĂ­as.
260 _aSanto Domingo,
_c2004.
999 _c1911
_d1911
040 _aDO-SdBNP